000 00312nam a22001337a 4500
008 170619b xxu||||| |||| 00| 0 eng d
020 _a0030384516
041 _aeng
080 _a32
100 _a20
101 _aSHP
245 _aTHE AMERICAN ELECTORATE ATTITUDES AND ACTION
_cCAMPBELL,B.A
942 _2udc
_cBK
999 _c18020
_d18020